Cryoablation of cardiac arrhythmias (Record no. 31190)

MARC details
000 -LEADER
fixed length control field 00695nam a2200181 a 4500
008 - FIXED-LENGTH DATA ELEMENTS--GENERAL INFORMATION
fixed length control field 191203s2011 ||||||||||||||||| || u
020 ## - INTERNATIONAL STANDARD BOOK NUMBER
International Standard Book Number 9781437716153
050 ## - LIBRARY OF CONGRESS CALL NUMBER
Classification number RC 685 Bre
100 ## - MAIN ENTRY--PERSONAL NAME
Personal name Bredikis, Audrius J
245 10 - TITLE STATEMENT
Title Cryoablation of cardiac arrhythmias
Statement of responsibility, etc. By Audrius J. Bredikis ; David J. Wilber
260 ## - PUBLICATION, DISTRIBUTION, ETC.
Place of publication, distribution, etc. Philadelphia
Name of publisher, distributor, etc. Elsevier Saunders
Date of publication, distribution, etc. 2011
300 ## - PHYSICAL DESCRIPTION
Extent xiv, 241 pages : illustrations
350 ## -
-- 121.59
650 ## - SUBJECT ADDED ENTRY--TOPICAL TERM
Topical term or geographic name entry element CRYOSURGERY
650 #0 - SUBJECT ADDED ENTRY--TOPICAL TERM
Topical term or geographic name entry element ARRHYTHMIA
700 ## - ADDED ENTRY--PERSONAL NAME
Personal name Wilber, David J
995 ## -
-- MEDICAL LIBRARY OPEN ACCESS
-- 904654
-- CBU-SCHOOL OF MEDICINE LIBRARY (Ndola)
-- 121.59
-- RC 685 Bre
-- 1
-- AVAILABLE
-- Dec 9, 2019
-- 904654
-- Medical Library Open Access Collection
999 ## -
-- 31190
-- 31190
Holdings
Withdrawn status Lost status Source of classification or shelving scheme Damaged status Not for loan Permanent Location Current Location Shelving location Date acquired Total Checkouts Full call number Barcode Date last seen Price effective from Koha item type
          CBU-SCHOOL OF MEDICINE LIBRARY, NDOLA. CBU-SCHOOL OF MEDICINE LIBRARY, NDOLA.   11/30/2022   RC 685 Bre 904654 11/30/2022 11/30/2022 MONOGRAPH